| 000 | 01367nam a2200313 i 4500 | ||
|---|---|---|---|
| 001 | 192830 | ||
| 003 | SpMaBN | ||
| 005 | 20251222194738.0 | ||
| 008 | 980714s1973 sp 0011 spa d | ||
| 016 | 7 |
_abimoBNE19981815757 _zBIB92000009928 _2SpMaBN |
|
| 017 |
_aM 27237-1973 _bOficina Depósito Legal Madrid |
||
| 020 | _a8436902882 | ||
| 035 | _a(OCoLC)432135497 | ||
| 040 |
_aSpMaBN _bspa _cSpMaBN _erdc |
||
| 080 | _a091 Códice Osuna | ||
| 245 | 0 | 0 |
_aPintura del gobernador, alcaldes y regidores de México : _bCódice Osuna / _c[introducción, Vicenta Cortés Alonso] |
| 260 |
_aMadrid : _bServicio de Publicaciones del Ministerio de Educación y Ciencia, _c[1973] |
||
| 300 |
_a2 volúmenes : láminas (blanco y negro y color) ; _c35 cm |
||
| 630 | 0 | 4 |
_aCódice Osuna _9120013 |
| 650 | 0 |
_aIndios de México- _xRelaciones con los gobiernos- _2embne _9226482 |
|
| 655 | 7 |
_9226495 _aFacsímiles |
|
| 700 | 1 |
_aCortés Alonso, Vicenta, _d1925-2021 _eaui _9242638 |
|
| 710 | 1 |
_aEspaña. _bMinisterio de Educación y Ciencia _93864 _eedt |
|
| 852 |
_aES-MaACL _bR. 152385 _cDEPOJ _hDonación: Editorial _jN-8463 _xCartoné _zGuardado en estuche _9201662 |
||
| 852 |
_aES-MaACL _bR. 152385 _cDEPOJ _hDonación: Editorial _jN-8464 _xCartoné _zGuardado en estuche _9201661 |
||
| 942 |
_cMONOGRAFIA _n0 |
||
| 999 |
_c192830 _d192830 |
||